|
|
|
|
| LEADER |
00000nam0a2200000 4500 |
| 001 |
344989 |
| 005 |
20231102005725.0 |
| 035 |
|
|
|a (RuTPU)RU\TPU\book\376787
|
| 090 |
|
|
|a 344989
|
| 100 |
|
|
|a 20200626d2019 k y0rusy50 ca
|
| 101 |
0 |
|
|a rus
|
| 102 |
|
|
|a RU
|
| 105 |
|
|
|a a dm 001zy
|
| 200 |
1 |
|
|a Атмосферные выбросы парниковых газов и загрязняющих веществ от воздушных судов в пределах Российской Федерации
|e автореферат диссертации на соискание ученой степени кандидата географических наук
|e спец. 25.00.36
|f Т. М. Дмитриева
|g Институт глобального климата и экологии им. академика Ю. А. Израэля ; науч. рук. С. А. Громов
|
| 210 |
|
|
|a Томск
|c [Б. и.]
|d 2019
|
| 215 |
|
|
|a 24 с.
|c ил.
|
| 300 |
|
|
|a Защита сост. 29.01.2020 г.
|
| 320 |
|
|
|a Библиогр.: с. 23-24 (11 назв.)
|
| 606 |
1 |
|
|a Атмосфера
|x Загрязнение
|2 stltpush
|3 (RuTPU)RU\TPU\subj\29626
|9 52911
|
| 606 |
1 |
|
|a Воздушный флот,гражданский
|x Влияние на окружающую среду
|2 stltpush
|3 (RuTPU)RU\TPU\subj\3441
|9 31863
|
| 610 |
1 |
|
|a авторефераты диссертаций
|
| 610 |
1 |
|
|a воздушные суда
|
| 610 |
1 |
|
|a авиационный транспорт
|
| 610 |
1 |
|
|a атмосферные выбросы
|
| 610 |
1 |
|
|a парниковые газы
|
| 610 |
1 |
|
|a загрязняющие вещества
|
| 610 |
1 |
|
|a Россия
|
| 610 |
1 |
|
|a самолеты
|
| 610 |
1 |
|
|a авиационные выбросы
|
| 610 |
1 |
|
|a климат
|
| 675 |
|
|
|a 551.510.42(04)
|v 4
|
| 675 |
|
|
|a 656.7(04)
|v 4
|
| 686 |
|
|
|a 25.00.36
|2 oksvnk
|
| 700 |
|
1 |
|a Дмитриева
|b Т. М.
|g Татьяна Михайловна
|
| 702 |
|
1 |
|a Громов
|b С. А.
|g Сергей Аркадьевич
|4 727
|
| 712 |
0 |
2 |
|a Институт глобального климата и экологии им. академика Ю. А. Израэля
|c (Москва)
|2 stltpush
|3 (RuTPU)RU\TPU\col\25459
|9 28509
|
| 801 |
|
1 |
|a RU
|b 63413507
|c 20200626
|
| 801 |
|
2 |
|a RU
|b 63413507
|c 20200907
|g RCR
|
| 942 |
|
|
|c BK
|